000 006840000a22002170004500
090 _aAR
_b00567
245 1 0 _aTolerance of west Indian manatees to capture and handling
650 1 4 _aMamíferos acuáticos
_993274
650 1 4 _aEspecies en extinción
_94653
650 1 4 _aEstres animal
_993627
650 1 4 _aCaptura de fauna
_993628
651 4 _pEstados Unidos
_992749
653 _gTrichechus
_eTrichechus manatus
_vmanati
041 0 _aInglés
700 1 _aRathbun, Galen B.
_993293
700 1 _aAsper, Edward D.
_993629
700 1 _aSearles, Stan W.
_993630
100 1 _aO'Shea, Thomas J.
_993277
942 _cARTICULO
773 1 _tBiological Conservation
_3147
_q335-349
_d1985
999 _c9659
_d9659